What would Barbara Do? (Record no. 906)

000 -LEADER
fixed length control field 00649nam a22002417a 4500
003 - CONTROL NUMBER IDENTIFIER
control field OSt
005 - DATE AND TIME OF LATEST TRANSACTION
control field 20210426102922.0
008 - FIXED-LENGTH DATA ELEMENTS--GENERAL INFORMATION
fixed length control field 210120s2007 ||||| |||| 00| 0 eng d
020 ## - INTERNATIONAL STANDARD BOOK NUMBER
International Standard Book Number 9780061254611
020 ## - INTERNATIONAL STANDARD BOOK NUMBER
International Standard Book Number 0061254614
040 ## - CATALOGING SOURCE
Original cataloging agency eng
Language of cataloging eng
Transcribing agency DLC
041 ## - LANGUAGE CODE
Language code of text/sound track or separate title eng
080 ## - UNIVERSAL DECIMAL CLASSIFICATION NUMBER
Universal Decimal Classification number 7
Item number B-87
100 ## - MAIN ENTRY--PERSONAL NAME
9 (RLIN) 669
Personal name Brockes, Emma
245 ## - TITLE STATEMENT
Title What would Barbara Do?
Remainder of title : How Musicals Changed my Life
Statement of responsibility, etc. / by: HarperCollins Publishers
250 ## - EDITION STATEMENT
Edition statement 1st edition
260 ## - PUBLICATION, DISTRIBUTION, ETC.
Place of publication, distribution, etc. New York
Name of publisher, distributor, etc. HarperCollins Publishers
Date of publication, distribution, etc. 2007
300 ## - PHYSICAL DESCRIPTION
Extent 270 p.
365 ## - TRADE PRICE
Price amount 22.95 usd
650 #0 - SUBJECT ADDED ENTRY--TOPICAL TERM
9 (RLIN) 447
Topical term or geographic name entry element Art
653 ## - INDEX TERM--UNCONTROLLED
Uncontrolled term ხელოვნება
942 ## - ADDED ENTRY ELEMENTS (KOHA)
Source of classification or shelving scheme
Koha item type Books
Edition 1
Holdings
Withdrawn status Lost status Source of classification or shelving scheme Damaged status Not for loan Permanent location Current location Date acquired Inventory number Total Checkouts Full call number Barcode Date last seen Price effective from Koha item type
          Ken Walker International University Ken Walker International University 01/20/2021 2406   7 B-87 2406 01/20/2021 01/20/2021 Books

Powered by Koha